[Event "Polanica Zdroj op 59th"]
[Site "Polanica Zdroj"]
[Date "2023.08.23"]
[Round "5"]
[White "Zysko, Jan"]
[Black "Orzech, Dominik"]
[Result "0-1"]
[WhiteElo "2152"]
[BlackElo "2266"]
[PlyCount "94"]
[EventDate "2023.08.19"]
[EventType "swiss"]
[EventRounds "9"]
[EventCountry "POL"]
[SourceTitle "CBM 215 Extra"]
[Source "ChessBase"]
[SourceDate "2023.09.30"]
[SourceVersion "1"]
[SourceVersionDate "2023.09.30"]
[SourceQuality "1"]

1. e4 c5 2. Nf3 d6 3. d4 cxd4 4. Nxd4 Nf6 5. Nc3 g6 6. Be3 Bg7 7. f3 Nc6 8. Qd2 0-0 9. 0-0-0 Bd7 10. g4 Rc8 11. Kb1 Ne5 12. h4 h5 13. g5 Ne8 14. Be2 a6 15. Rdf1 b5 16. f4 Ng4 17. Bxg4 Bxg4 18. f5 Nc7 19. Nc6 Qd7 20. Nxe7+ Qxe7 21. f6 Qd7 22. fxg7 Rfe8 23. Qd4 a5 24. Rf6 b4 25. Rxd6 Qe7 26. Nd5 Nxd5 27. Qxd5 Bf3 28. Rd7 Bxh1 29. Rxe7 Rxe7 30. Ka1 Rxe4 31. a3 bxa3 32. Qd7 axb2+ 33. Kb1 Rb8 34. Qd6 Ree8 35. Bb6 Ra8 36. Kxb2 Re6 37. Qc5 Rb8 38. Qxa5 Rexb6+ 39. Kc1 Kxg7 40. c4 Kg8 41. Qa7 R6b7 42. Qc5 Be4 43. Kd2 Bf5 44. Qc6 Ra7 45. Qc5 Ra2+ 46. Ke3 Rc8 47. Qb5 Rc2 0-1

[Event "Polanica Zdroj op 59th"]
[Site "Polanica Zdroj"]
[Date "2023.08.21"]
[Round "3"]
[White "Zysko, Jan"]
[Black "Pulpan, Jakub"]
[Result "0-1"]
[WhiteElo "2152"]
[BlackElo "2417"]
[PlyCount "80"]
[EventDate "2023.08.19"]
[EventType "swiss"]
[EventRounds "9"]
[EventCountry "POL"]
[SourceTitle "CBM 215 Extra"]
[Source "ChessBase"]
[SourceDate "2023.09.30"]
[SourceVersion "1"]
[SourceVersionDate "2023.09.30"]
[SourceQuality "1"]

1. e4 c5 2. Nf3 d6 3. d4 cxd4 4. Nxd4 Nf6 5. Nc3 a6 6. Be2 e5 7. Nb3 Be7 8. Be3 Be6 9. Nd5 Bxd5 10. exd5 Nbd7 11. a4 0-0 12. a5 Ne8 13. 0-0 Bg5 14. Bxg5 Qxg5 15. Qd2 Qd8 16. c4 Rc8 17. Rac1 Nef6 18. Na1 Ne4 19. Qe3 f5 20. b4 Ng5 21. f3 f4 22. Qa7 Rc7 23. Nb3 Kh8 24. Kh1 Nf6 25. Qf2 Qd7 26. Rfd1 Rcc8 27. b5 e4 28. c5 axb5 29. cxd6 Qxd6 30. Rxc8 Rxc8 31. Qb6 Qxb6 32. axb6 exf3 33. gxf3 Rd8 34. Bxb5 Nxf3 35. Kg2 Nh4+ 36. Kh3 Nf5 37. Nc5 g5 38. Be2 Ne3 39. Ne6 Ne4 40. Nxg5 Nxg5+ 0-1

[Event "Warsaw YMCA Golden Autumn 267th"]
[Site "Warsaw"]
[Date "2022.09.30"]
[Round "7"]
[White "Szwaj, Jacek"]
[Black "Zysko, Jan"]
[Result "0-1"]
[WhiteElo "1893"]
[BlackElo "2071"]
[PlyCount "74"]
[EventDate "2022.09.30"]
[EventType "tourn"]
[EventRounds "13"]
[EventCountry "POL"]
[SourceTitle "EXT 2024"]
[Source "ChessBase"]
[SourceDate "2023.10.10"]
[SourceVersion "1"]
[SourceVersionDate "2023.10.10"]
[SourceQuality "1"]

1. e4 c5 2. Nc3 Nc6 3. g3 g6 4. Bg2 Bg7 5. Nh3 e6 6. 0-0 Nge7 7. d3 d6 8. f4 0-0 9. Be3 Rb8 10. Qd2 b5 11. Nd1 b4 12. g4 f5 13. gxf5 exf5 14. c3 bxc3 15. bxc3 Qa5 16. Rc1 h6 17. Qf2 Ba6 18. e5 dxe5 19. Bxc5 Bxd3 20. Bxc6 Nxc6 21. Bxf8 Rxf8 22. Re1 e4 23. a4 Rb8 24. Qa2+ Kh7 25. Re3 Qc5 26. Kh1 Bc4 27. Qf2 Qa3 28. Rc2 Rb1 29. Rd2 Qxa4 30. Re1 Bb3 31. Qg1 Ne7 32. Qc5 Bxd1 33. Ng1 Ng8 34. Qc7 Nf6 35. Rd6 Ne8 36. Qd7 Nxd6 37. Qxd6 Qa1 0-1

[Event "Warsaw Chess op-A"]
[Site "Warsaw"]
[Date "2022.07.22"]
[Round "5"]
[White "Zysko, Jan"]
[Black "Darda, Roman"]
[Result "1-0"]
[WhiteElo "2138"]
[BlackElo "1963"]
[PlyCount "105"]
[EventDate "2022.07.18"]
[EventType "swiss"]
[EventRounds "9"]
[EventCountry "POL"]
[SourceTitle "CBM 209 Extra"]
[Source "ChessBase"]
[SourceDate "2022.09.30"]
[SourceVersion "1"]
[SourceVersionDate "2022.09.30"]
[SourceQuality "1"]

1. e4 Nf6 2. e5 Nd5 3. d4 d6 4. Nf3 Bg4 5. Be2 e6 6. 0-0 Be7 7. c4 Nb6 8. Nc3 Nc6 9. exd6 cxd6 10. d5 exd5 11. Nxd5 Nxd5 12. Qxd5 0-0 13. Bf4 Be6 14. Qh5 Qa5 15. Ng5 Bxg5 16. Qxg5 Qxg5 17. Bxg5 d5 18. cxd5 Bxd5 19. Rfd1 Be6 20. a3 Ne5 21. Rac1 Rac8 22. Be3 Bb3 23. Re1 a6 24. Bd4 Rxc1 25. Rxc1 Nc6 26. Bb6 Bd5 27. f3 Re8 28. Kf2 Ne7 29. Bd3 f6 30. Re1 Kf7 31. Bc5 Ng6 32. Rd1 Nf4 33. Bf1 Bc6 34. Bc4+ Kg6 35. Be3 Ne6 36. Rd6 Nc7 37. h4 Nb5 38. h5+ Kf5 39. Rd2 Ke5 40. g4 f5 41. f4+ Kf6 42. g5+ Ke7 43. Bc5+ Nd6 44. Rxd6 Be4 45. Re6+ Kd7 46. Rxe8 Kxe8 47. Ke3 g6 48. h6 b5 49. Bg8 a5 50. Kd4 a4 51. Ke5 Bf3 52. Kf6 Bh5 53. Bxh7 1-0

[Event "Reykjavik Kvika op"]
[Site "Reykjavik"]
[Date "2022.04.09"]
[Round "5"]
[White "Heimisson, Hilmir Freyr"]
[Black "Zysko, Jan"]
[Result "1-0"]
[WhiteElo "2321"]
[BlackElo "2110"]
[PlyCount "75"]
[EventDate "2022.04.06"]
[EventType "swiss"]
[EventRounds "9"]
[EventCountry "ISL"]
[SourceTitle "CBM 207 Extra"]
[Source "ChessBase"]
[SourceDate "2022.05.31"]
[SourceVersion "1"]
[SourceVersionDate "2022.05.31"]
[SourceQuality "1"]

1. c4 Nf6 2. Nc3 g6 3. Nf3 Bg7 4. g3 0-0 5. Bg2 d6 6. d4 c5 7. dxc5 dxc5 8. Ne5 Nbd7 9. Nd3 Nb6 10. Qb3 Be6 11. Nxc5 Bxc4 12. Qa3 Nbd5 13. Bd2 b5 14. Nxd5 Nxd5 15. Rd1 a5 16. Bc1 b4 17. Qa4 Qd6 18. Qc2 Qxc5 19. Bxd5 Bc3+ 20. bxc3 Bxd5 21. 0-0 Bb7 22. Bh6 Rfc8 23. c4 Qc6 24. f3 Qe6 25. c5 f6 26. e4 g5 27. h4 gxh4 28. g4 Qe5 29. Be3 Bc6 30. Rd2 Rd8 31. Rh2 Bb5 32. Rc1 Rd3 33. Qf2 Rad8 34. Re1 Rd1 35. Rxh4 Qa1 36. Rxd1 Rxd1+ 37. Kg2 Rb1 38. Bd4 1-0

[Event "Reykjavik Kvika op"]
[Site "Reykjavik"]
[Date "2022.04.08"]
[Round "4"]
[White "Zysko, Jan"]
[Black "Kumar, Sanjit S"]
[Result "1-0"]
[WhiteElo "2110"]
[BlackElo "1792"]
[PlyCount "48"]
[EventDate "2022.04.06"]
[EventType "swiss"]
[EventRounds "9"]
[EventCountry "ISL"]
[SourceTitle "CBM 207 Extra"]
[Source "ChessBase"]
[SourceDate "2022.05.31"]
[SourceVersion "1"]
[SourceVersionDate "2022.05.31"]
[SourceQuality "1"]

1. d4 d5 2. c4 c6 3. Nc3 e6 4. e3 f5 5. Nf3 Nf6 6. Bd3 Bd6 7. 0-0 0-0 8. b3 Ne4 9. Ne2 Nd7 10. Bb2 Qf6 11. Qc1 g5 12. Ba3 Bxa3 13. Qxa3 h5 14. Bxe4 fxe4 15. Nd2 g4 16. Qd6 Rf7 17. Nf4 Nf8 18. cxd5 Rd7 19. Nxe4 Rxd6 20. Nxf6+ Kf7 21. Ne4 Rd8 22. dxc6 bxc6 23. Rfc1 Bd7 24. Nxh5 Kg6 1-0

[Event "Reykjavik Kvika op"]
[Site "Reykjavik"]
[Date "2022.04.07"]
[Round "2"]
[White "Zysko, Jan"]
[Black "Laurent Paoli, Pierre"]
[Result "1/2-1/2"]
[WhiteElo "2110"]
[BlackElo "2487"]
[PlyCount "104"]
[EventDate "2022.04.06"]
[EventType "swiss"]
[EventRounds "9"]
[EventCountry "ISL"]
[SourceTitle "CBM 207 Extra"]
[Source "ChessBase"]
[SourceDate "2022.05.31"]
[SourceVersion "1"]
[SourceVersionDate "2022.05.31"]
[SourceQuality "1"]

1. e4 c6 2. d4 d5 3. Nd2 dxe4 4. Nxe4 Nd7 5. c3 Ngf6 6. Nxf6+ Nxf6 7. Bd3 Qd5 8. Qf3 Bg4 9. Qxd5 Nxd5 10. Ne2 0-0-0 11. h3 Bh5 12. Nf4 Nxf4 13. Bxf4 e6 14. Be2 Bg6 15. 0-0-0 Be4 16. f3 Bg6 17. Bd3 Bxd3 18. Rxd3 h5 19. Kc2 h4 20. Re1 Rh5 21. Re5 Rd5 22. Rxh5 Rxh5 23. Re3 Rf5 24. Re4 Be7 25. Bd2 Bf6 26. a4 Kd7 27. Be1 Rh5 28. Kd3 Be7 29. Re5 f5 30. Re2 Rh8 31. Bd2 g5 32. c4 Rg8 33. Be1 Bf6 34. b4 a6 35. Bf2 Rd8 36. c5 Ke7 37. Kc4 Kf7 38. Rd2 Rd5 39. Re2 e5 40. dxe5 Bxe5 41. Be3 Bf6 42. Rd2 f4 43. Bd4 Ke6 44. Rd3 Bxd4 45. Rxd4 Re5 46. Rd6+ Kf5 47. Rd7 Re2 48. Rxb7 Rxg2 49. Rf7+ Ke5 50. Re7+ Kf5 51. Rf7+ Ke5 52. Re7+ Kf5 1/2-1/2

[Event "Prague op-A 20th"]
[Site "Prague"]
[Date "2022.01.08"]
[Round "3"]
[White "Ondrus, Martin"]
[Black "Zysko, Jan"]
[Result "1-0"]
[WhiteElo "2267"]
[BlackElo "2090"]
[PlyCount "71"]
[EventDate "2022.01.07"]
[EventType "swiss"]
[EventRounds "9"]
[EventCountry "CZE"]
[SourceTitle "CBM 206 Extra"]
[Source "ChessBase"]
[SourceDate "2022.03.31"]
[SourceVersion "1"]
[SourceVersionDate "2022.03.31"]
[SourceQuality "1"]

1. e4 c5 2. Nf3 e6 3. d4 cxd4 4. Nxd4 Nc6 5. Nc3 Qc7 6. Be3 a6 7. Qf3 Nf6 8. 0-0-0 Ne5 9. Qg3 b5 10. f4 Neg4 11. Bg1 h5 12. h3 b4 13. Nd5 exd5 14. hxg4 Nxe4 15. Qe3 Bd6 16. g3 Kf8 17. Kb1 Bb7 18. gxh5 Re8 19. Qf3 Bc6 20. Nf5 Ba4 21. Bd3 Nc3+ 22. bxc3 bxc3 23. Nd4 Qb7+ 24. Nb3 Qb4 25. Be3 d4 26. Bc1 Bc6 27. Qf2 Bc5 28. Rhe1 Rb8 29. Qe2 a5 30. f5 a4 31. f6 gxf6 32. h6 axb3 33. cxb3 Bd5 34. Qg4 Rg8 35. h7 c2+ 36. Bxc2 1-0

[Event "Warsaw YMCA Autumn-A 248th"]
[Site "Warsaw"]
[Date "2021.11.19"]
[Round "9"]
[White "Polak, Michal"]
[Black "Zysko, Jan"]
[Result "1/2-1/2"]
[WhiteElo "1929"]
[BlackElo "2080"]
[PlyCount "84"]
[EventDate "2021.09.24"]
[EventType "tourn"]
[EventRounds "13"]
[EventCountry "POL"]
[SourceTitle "EXT 2023"]
[Source "ChessBase"]
[SourceDate "2022.10.05"]
[SourceVersion "1"]
[SourceVersionDate "2022.10.05"]
[SourceQuality "1"]

1. e4 c5 2. Nf3 d6 3. d4 cxd4 4. Nxd4 Nf6 5. Nc3 e6 6. Be2 a6 7. 0-0 b5 8. Bf3 Ra7 9. Be3 Rd7 10. g4 h6 11. a3 Bb7 12. Bg2 d5 13. e5 Ne4 14. Qd3 Nxc3 15. Qxc3 Qc7 16. Qd2 Nc6 17. f4 Bc5 18. c3 h5 19. Nxc6 Qxc6 20. Bxc5 Qxc5+ 21. Qd4 Qxd4+ 22. cxd4 hxg4 23. Rac1 Ke7 24. Rc5 f5 25. Rfc1 Rh5 26. R1c3 Kd8 27. h3 gxh3 28. Rxh3 Rxh3 29. Bxh3 g5 30. fxg5 Rg7 31. Kf2 Rxg5 32. Rc3 Bc8 33. Rg3 Rxg3 34. Kxg3 Ke7 35. Kf4 Kf7 36. Kg5 Kg7 37. Bf1 Bd7 38. Be2 Bc6 39. Bh5 Bd7 40. Be2 Bc6 41. b4 Be8 42. Bd1 Bc6 1/2-1/2

[Event "Warsaw YMCA Autumn-A 248th"]
[Site "Warsaw"]
[Date "2021.11.17"]
[Round "3"]
[White "Choroszej, Aleksander"]
[Black "Zysko, Jan"]
[Result "1-0"]
[WhiteElo "2031"]
[BlackElo "2080"]
[PlyCount "99"]
[EventDate "2021.09.24"]
[EventType "tourn"]
[EventRounds "13"]
[EventCountry "POL"]
[SourceTitle "EXT 2023"]
[Source "ChessBase"]
[SourceDate "2022.10.05"]
[SourceVersion "1"]
[SourceVersionDate "2022.10.05"]
[SourceQuality "1"]

1. d4 Nf6 2. c4 g6 3. Nc3 Bg7 4. e4 d6 5. f4 0-0 6. Nf3 c5 7. d5 e6 8. Be2 exd5 9. cxd5 Bg4 10. 0-0 Nbd7 11. h3 Bxf3 12. Bxf3 Ne8 13. Be3 Nc7 14. Qd2 Rb8 15. Rae1 b5 16. e5 dxe5 17. Ne4 exf4 18. Bxf4 Re8 19. Bg5 Bd4+ 20. Kh1 f6 21. Bh4 Kg7 22. b4 Rf8 23. bxc5 Bxc5 24. Bg4 Bb6 25. Bxd7 Qxd7 26. Bxf6+ Kg8 27. Ba1 Rxf1+ 28. Rxf1 Rf8 29. Rxf8+ Kxf8 30. Qh6+ Ke7 31. d6+ Kd8 32. dxc7+ Kxc7 33. Qg7 Qxg7 34. Bxg7 a5 35. g4 b4 36. Kg2 a4 37. Kf3 h5 38. gxh5 gxh5 39. Ng3 Kc6 40. Ke4 Kb5 41. Kd3 h4 42. Nf5 Bd8 43. Nd4+ Kb6 44. Kc4 Be7 45. Nf5 Bc5 46. Nxh4 Kc6 47. Nf5 b3 48. axb3 axb3 49. h4 Bf2 50. h5 1-0

[Event "Warsaw YMCA Autumn-A 248th"]
[Site "Warsaw"]
[Date "2021.10.28"]
[Round "4"]
[White "Zysko, Jan"]
[Black "Polak, Michal"]
[Result "1-0"]
[WhiteElo "2080"]
[BlackElo "1929"]
[PlyCount "61"]
[EventDate "2021.09.24"]
[EventType "tourn"]
[EventRounds "13"]
[EventCountry "POL"]
[SourceTitle "EXT 2023"]
[Source "ChessBase"]
[SourceDate "2022.10.05"]
[SourceVersion "1"]
[SourceVersionDate "2022.10.05"]
[SourceQuality "1"]

1. d4 Nf6 2. c4 e6 3. Nf3 b6 4. g3 Ba6 5. Qc2 c5 6. d5 exd5 7. cxd5 Bb7 8. Bg2 Bxd5 9. Nc3 Bc6 10. 0-0 Be7 11. e4 d6 12. Nh4 0-0 13. Nf5 Re8 14. Bf4 Bf8 15. Rad1 Nbd7 16. Nxd6 Bxd6 17. Rxd6 Rc8 18. Rxc6 Rxc6 19. e5 Rce6 20. exf6 Nxf6 21. Bf3 h6 22. Kg2 a6 23. Rd1 Qe7 24. Nd5 Nxd5 25. Rxd5 Rd8 26. Qd3 Rxd5 27. Qxd5 b5 28. Bg4 Rg6 29. Bf5 Rf6 30. Qa8+ Qf8 31. Bh7+ 1-0

[Event "POL-chT 2nd League"]
[Site "Sypniewo"]
[Date "2021.09.06"]
[Round "3.1"]
[White "Karwowski, Kacper"]
[Black "Zysko, Jan"]
[Result "1-0"]
[WhiteElo "2230"]
[BlackElo "2080"]
[PlyCount "65"]
[EventDate "2021.09.04"]
[EventType "team-swiss"]
[EventRounds "9"]
[EventCountry "POL"]
[SourceTitle "CBM 204 Extra"]
[Source "ChessBase"]
[SourceDate "2021.11.30"]
[SourceVersion "1"]
[SourceVersionDate "2021.11.30"]
[SourceQuality "1"]
[WhiteTeam "Kopernik WKS"]
[BlackTeam "Warszawa Mogalo"]
[WhiteTeamCountry "POL"]
[BlackTeamCountry "POL"]

1. c4 Nf6 2. Nc3 g6 3. e4 d6 4. d4 Bg7 5. Be2 Nbd7 6. Bg5 h6 7. Be3 e5 8. d5 a5 9. f3 Nh5 10. Nh3 Nc5 11. Nf2 Nf4 12. Bf1 Qg5 13. Qd2 Nxg2+ 14. Bxg2 Qxg2 15. Ke2 0-0 16. Rag1 Qxh1 17. Nxh1 Kh7 18. Ng3 Bd7 19. b3 Rg8 20. Bxc5 dxc5 21. d6 cxd6 22. Qxd6 Bc6 23. Qxc5 Rac8 24. Qxa5 h5 25. a4 h4 26. Nf1 f5 27. Ne3 fxe4 28. Nxe4 Rgf8 29. Rg4 Rf4 30. Rxf4 exf4 31. Nd5 Re8 32. Qc7 Kg8 33. Ne7+ 1-0

[Event "Poronin Tatra Limba op"]
[Site "Poronin"]
[Date "2021.05.28"]
[Round "9"]
[White "Zysko, Jan"]
[Black "Adamczyk, Zuzanna"]
[Result "0-1"]
[WhiteElo "2145"]
[BlackElo "1933"]
[PlyCount "76"]
[EventDate "2021.05.22"]
[EventType "swiss"]
[EventRounds "9"]
[EventCountry "POL"]
[SourceTitle "EXT 2022"]
[Source "ChessBase"]
[SourceDate "2021.10.06"]
[SourceVersion "1"]
[SourceVersionDate "2021.10.06"]
[SourceQuality "1"]

1. e4 c6 2. d4 d5 3. Nd2 dxe4 4. Nxe4 Nf6 5. Nxf6+ exf6 6. c3 Bd6 7. Bd3 0-0 8. Qc2 Re8+ 9. Ne2 h5 10. Be3 Nd7 11. Ng3 Bf4 12. Nxh5 Bxe3 13. fxe3 Rxe3+ 14. Kf2 Re8 15. Rhe1 Rxe1 16. Rxe1 Nf8 17. Kg1 Bg4 18. Ng3 Qd5 19. b3 Be6 20. Be4 Qg5 21. Qf2 Rd8 22. Rd1 Bg4 23. Rd2 Qa5 24. h3 Be6 25. c4 Ng6 26. Qe3 f5 27. b4 Qxb4 28. Nxf5 Qxc4 29. Rb2 b6 30. Rc2 Qa4 31. Nh6+ gxh6 32. Bxg6 Qxd4 33. Qxd4 Rxd4 34. Rxc6 Bxa2 35. Bf5 Kg7 36. Rc7 a5 37. Rb7 Rb4 38. Kf2 Rf4+ 0-1